| 000 | 02280nam a2200361 a 4500 | ||
|---|---|---|---|
| 001 | ebr10076704 | ||
| 003 | CaPaEBR | ||
| 006 | m u | ||
| 007 | cr cn||||||||| | ||
| 008 | 020708s2002 enk sb 001 0 eng | ||
| 010 | _z 2002284447 | ||
| 015 | _aGBA1-V1911 | ||
| 020 | _z0761972188 | ||
| 020 | _z0761972196 (pbk) | ||
| 040 |
_aCaPaEBR _cCaPaEBR |
||
| 035 | _a(OCoLC)70747342 | ||
| 050 | 1 | 4 |
_aJN30 _b.E853 2002eb |
| 082 | 0 | 4 |
_a337.142 _221 |
| 245 | 0 | 0 |
_aEuropean integration in the 21st century _h[electronic resource] : _bunity in diversity? / _cedited by Mary Farrell, Stefano Fella and Michael Newman. |
| 246 | 1 | 7 | _aEuropean integration in the twenty-first century |
| 260 |
_aLondon ; _aThousand Oaks, Calif. : _bSAGE Publications, _c2002. |
||
| 300 | _axii, 220 p. | ||
| 504 | _aIncludes bibliographical references and index. | ||
| 505 | 8 | _aMachine generated contents note: Introduction: Unity in Diversity - the Challenge for the EU -- Stefano Fella -- Historical Teleologies -- Alan S. Milward -- 2 The EU and Eastern Europe: Diversity without Unity? -- Peter Gowan -- 3 Future Paths to European Security -- El2bieta StadtmOller -- 4 The Future of Small States in the EU -- Esko Antola -- 5 Emerging Integration in Policing and Criminal Justice -- Madeleine Colvin -- 6 Towards Network Democracy? The Potential of Flexible Integration -- Alex Warleigh -- 7 The Euro: A Future International Currency? -- Kevin Boles, Frank McDonald and Nigel Healey -- 8 Social Integration in the European Union: Towards a Single Social Area? -- Monica Threlfall -- 9 Cultural Policy in the EU and the European Identity -- Enrique Banus -- 10 Towards a European Language Policy -- Christina Julios -- Conclusion: Possible European Futures -- Mary Farrell. | |
| 533 |
_aElectronic reproduction. _bPalo Alto, Calif. : _cebrary, _d2013. _nAvailable via World Wide Web. _nAccess may be limited to ebrary affiliated libraries. |
||
| 610 | 2 | 0 | _aEuropean Union. |
| 655 | 7 |
_aElectronic books. _2local |
|
| 700 | 1 |
_aFarrell, Mary, _d1956- |
|
| 700 | 1 | _aFella, Stefano. | |
| 700 | 1 |
_aNewman, Michael, _d1946- |
|
| 710 | 2 | _aebrary, Inc. | |
| 856 | 4 | 0 |
_uhttp://site.ebrary.com/lib/rucke/Doc?id=10076704 _zAn electronic book accessible through the World Wide Web; click to view |
| 999 |
_c53490 _d53490 |
||